[Event "FIDE World Uni Rapid-F 1st"]
[Site "Tornelo INT"]
[Date "2021.03.21"]
[Round "11"]
[White "Gutierrez Vargas, Robert"]
[Black "Lemi, Daniel John"]
[Result "1-0"]
[WhiteElo "1870"]
[BlackElo "1752"]
[PlyCount "91"]
[EventDate "2021.03.20"]
[EventType "swiss (rapid)"]
[EventRounds "12"]
[EventCountry "NET"]
[SourceTitle "EXT 2022"]
[Source "ChessBase"]
[SourceDate "2021.10.06"]
[SourceVersion "1"]
[SourceVersionDate "2021.10.06"]
[SourceQuality "1"]

1. e4 e6 2. Nf3 d5 3. exd5 exd5 4. d4 Nf6 5. Bd3 Bd6 6. 0-0 0-0 7. c3 h6 8. Re1 Bg4 9. Nbd2 Nbd7 10. Nf1 Re8 11. Rxe8+ Qxe8 12. h3 Bh5 13. Ng3 Bxg3 14. fxg3 Ne4 15. g4 Bg6 16. Bf4 c6 17. Nh4 Bh7 18. Nf5 Qe6 19. Ng3 Nxg3 20. Bxh7+ Kxh7 21. Bxg3 Qe3+ 22. Kh2 Re8 23. Qb3 Qd2 24. Qxb7 Re2 25. Rg1 Nf6 26. Qxf7 Qxb2 27. Bh4 Qd2 28. Bxf6 Qf4+ 29. Kh1 Qxf6 30. Qxa7 Re3 31. Qc5 Qh4 32. Kh2 Qg3+ 33. Kh1 Rxc3 34. Qf8 Qh4 35. Qf5+ Kh8 36. Rb1 Rxh3+ 37. gxh3 Qxh3+ 38. Kg1 Qg3+ 39. Kf1 Qh3+ 40. Ke2 Qg2+ 41. Ke3 Qg3+ 42. Qf3 Qd6 43. Ke2 Qe6+ 44. Kd1 Qd6 45. Rb7 c5 46. Qf7 1-0

[Event "FIDE World Uni Rapid-F 1st"]
[Site "Tornelo INT"]
[Date "2021.03.21"]
[Round "12"]
[White "Obeid, Omar"]
[Black "Lemi, Daniel John"]
[Result "0-1"]
[WhiteElo "1327"]
[BlackElo "1752"]
[PlyCount "82"]
[EventDate "2021.03.20"]
[EventType "swiss (rapid)"]
[EventRounds "12"]
[EventCountry "NET"]
[SourceTitle "EXT 2022"]
[Source "ChessBase"]
[SourceDate "2021.10.06"]
[SourceVersion "1"]
[SourceVersionDate "2021.10.06"]
[SourceQuality "1"]

1. e4 e6 2. d4 d5 3. Nc3 Bb4 4. a3 Bxc3+ 5. bxc3 dxe4 6. Qg4 Nf6 7. Qxg7 Rg8 8. Qh6 c5 9. Ne2 Nc6 10. Bg5 Rg6 11. Qh4 cxd4 12. Bxf6 Qxf6 13. Qxe4 dxc3 14. g3 Rg5 15. f4 Rd5 16. Bg2 Bd7 17. Qxh7 0-0-0 18. Bxd5 exd5 19. 0-0 Rh8 20. Qd3 d4 21. Rad1 Bf5 22. Qc4 Bg4 23. Rb1 Re8 24. Qb5 Qe7 25. Rfe1 Qe3+ 26. Kg2 Re7 27. Qd3 Qxd3 28. cxd3 Rxe2+ 29. Rxe2 Bxe2 30. Kf2 Bxd3 31. Rc1 Bf5 32. Kf3 c2 33. g4 Bd3 34. h4 Kd8 35. h5 Ke8 36. g5 Kf8 37. Kf2 Na5 38. g6 fxg6 39. h6 Kg8 40. Re1 Kh7 41. Rh1 Nb3 0-1

[Event "FIDE World Uni Rapid-F 1st"]
[Site "Tornelo INT"]
[Date "2021.03.20"]
[Round "4"]
[White "Albarez Mendoza, Susana"]
[Black "Lemi, Daniel John"]
[Result "1-0"]
[WhiteElo "1530"]
[BlackElo "1752"]
[PlyCount "143"]
[EventDate "2021.03.20"]
[EventType "swiss (rapid)"]
[EventRounds "12"]
[EventCountry "NET"]
[SourceTitle "EXT 2022"]
[Source "ChessBase"]
[SourceDate "2021.10.06"]
[SourceVersion "1"]
[SourceVersionDate "2021.10.06"]
[SourceQuality "1"]

1. e4 e6 2. d4 d5 3. exd5 exd5 4. Bd3 Nf6 5. Bg5 c5 6. Nf3 Be7 7. 0-0 0-0 8. c3 Nc6 9. Re1 cxd4 10. cxd4 h6 11. Bh4 Bg4 12. Nbd2 Nxd4 13. h3 Bf5 14. Nxd4 Bxd3 15. N2f3 Bh7 16. Qb3 g5 17. Bg3 Ne4 18. Bh2 Nc5 19. Qc3 Rc8 20. Qe3 Bf6 21. Rad1 Re8 22. Qxe8+ Qxe8 23. Rxe8+ Rxe8 24. Nb5 Bxb2 25. Rxd5 Nd3 26. Nd6 Re7 27. Nc4 Bf6 28. Rd8+ Kg7 29. Bd6 Re2 30. Bf8+ Kg6 31. Rxd3 Rxa2 32. Rd1 b5 33. Nce5+ Bxe5 34. Nxe5+ Kf5 35. Nxf7 Ke6 36. Nxh6 Bc2 37. Re1+ Kd5 38. Ng4 Kc6 39. Ne3 Bd3 40. Rc1+ Kb7 41. Be7 a5 42. Bxg5 b4 43. Bf6 b3 44. Nd1 Rc2 45. Bg5 Re2 46. Nc3 Re5 47. Be3 b2 48. Rd1 Bg6 49. Nb1 a4 50. Kf1 Bxb1 51. Rxb1 a3 52. Bd4 Rd5 53. Bxb2 Rb5 54. Bxa3 Rxb1+ 55. Ke2 Kc6 56. Be7 Kd7 57. Bg5 Ke6 58. Be3 Kf5 59. Kf3 Kg6 60. g4 Rb3 61. h4 Ra3 62. h5+ Kh7 63. g5 Kg8 64. Kg4 Ra4+ 65. f4 Ra3 66. Bc5 Rc3 67. Bd4 Rc4 68. Be5 Ra4 69. Kf5 Ra6 70. g6 Rb6 71. h6 Kf8 72. h7 1-0

[Event "FIDE World Uni Rapid-F 1st"]
[Site "Tornelo INT"]
[Date "2021.03.20"]
[Round "3"]
[White "Lemi, Daniel John"]
[Black "Arpan, Das Jr"]
[Result "0-1"]
[WhiteElo "1752"]
[BlackElo "2110"]
[PlyCount "118"]
[EventDate "2021.03.20"]
[EventType "swiss (rapid)"]
[EventRounds "12"]
[EventCountry "NET"]
[SourceTitle "EXT 2022"]
[Source "ChessBase"]
[SourceDate "2021.10.06"]
[SourceVersion "1"]
[SourceVersionDate "2021.10.06"]
[SourceQuality "1"]

1. e4 c5 2. Nf3 d6 3. Bb5+ Bd7 4. Bxd7+ Qxd7 5. c4 Nc6 6. Nc3 Nf6 7. d4 Qg4 8. d5 Nd4 9. Nxd4 Qxd1+ 10. Nxd1 cxd4 11. f3 g6 12. Nf2 Bg7 13. Ke2 Nd7 14. Nd3 Rc8 15. b3 0-0 16. Bb2 b5 17. cxb5 Rc2+ 18. Kd1 Rxg2 19. Rc1 Ne5 20. Rc2 Rxc2 21. Kxc2 Rc8+ 22. Kd2 Nxf3+ 23. Ke2 Ng5 24. Rc1 Rxc1 25. Bxc1 Nxe4 26. Bb2 Nc3+ 27. Bxc3 dxc3 28. Nb4 Kf8 29. Nc6 Bh6 30. Kd3 c2 31. Kxc2 Be3 32. Kd3 Bg1 33. a4 Ke8 34. a5 Kd7 35. h3 e6 36. dxe6+ fxe6 37. Ke4 h6 38. b4 a6 39. Nb8+ Kc7 40. Nxa6+ Kb7 41. Kd3 g5 42. Ke4 h5 43. Kf3 Bd4 44. Ke4 Bg1 45. Kf3 Bd4 46. Ke4 Bc3 47. Kd3 Bf6 48. Ke4 Be5 49. Kf3 Bb2 50. Ke4 Bc1 51. Kf3 Bf4 52. Ke4 Bd2 53. Kf3 Bc1 54. Ke4 g4 55. hxg4 hxg4 56. Kd3 g3 57. Ke2 e5 58. Kf3 Bf4 59. Kg2 e4 0-1

[Event "FIDE World Uni Blitz-C 1st"]
[Site "Tornelo INT"]
[Date "2021.03.13"]
[Round "8.33"]
[White "Lemi, Daniel John"]
[Black "Correa Atucsa, Breiner Roiser"]
[Result "1-0"]
[WhiteElo "1752"]
[BlackElo "2245"]
[PlyCount "183"]
[EventDate "2021.03.13"]
[EventType "swiss (blitz)"]
[EventRounds "10"]
[EventCountry "NET"]
[SourceTitle "EXT 2022"]
[Source "ChessBase"]
[SourceDate "2021.10.06"]
[SourceVersion "1"]
[SourceVersionDate "2021.10.06"]
[SourceQuality "1"]

1. e4 e6 2. d4 d5 3. Nd2 Nf6 4. e5 Nfd7 5. c3 c5 6. Bd3 Nc6 7. Ne2 cxd4 8. cxd4 f6 9. exf6 Nxf6 10. 0-0 Bd6 11. Nf3 Qc7 12. g3 0-0 13. Bf4 Ne4 14. Bxd6 Nxd6 15. Nc3 Bd7 16. Ng5 h6 17. Qh5 Rf6 18. Nh3 Nxd4 19. Rac1 Bc6 20. Nf4 Raf8 21. f3 Qb6 22. Kh1 Qxb2 23. Qe5 Nxf3 24. Qe2 Qxe2 25. Ncxe2 d4 26. Rxc6 bxc6 27. Rxf3 e5 28. Kg2 e4 29. Bxe4 Nxe4 30. Nxd4 c5 31. Nde6 Rb8 32. Re3 Ng5 33. Nxg5 hxg5 34. Nd5 Rd6 35. Ne7+ Kf7 36. Nf5 Rd2+ 37. Kh3 Rbb2 38. Kg4 Rxh2 39. Re7+ Kf8 40. Rxg7 Rxa2 41. Rc7 Rhc2 42. Kxg5 Ra6 43. g4 Re6 44. Nh4 Rd2 45. Rxc5 Rd7 46. Nf5 Ke8 47. Kf4 Kd8 48. g5 Rg6 49. Nh4 Rf7+ 50. Kg4 Rgg7 51. g6 Rc7 52. Rd5+ Rcd7 53. Ra5 Kc7 54. Kg5 Kb6 55. Re5 a5 56. Nf5 Rg8 57. Re6+ Kb5 58. Re5+ Kb4 59. Re4+ Kc3 60. Re3+ Rd3 61. Re5 a4 62. g7 a3 63. Ra5 Kb2 64. Kf6 Rf3 65. Kf7 Rxg7+ 66. Kxg7 a2 67. Nd4 Ra3 68. Rb5+ Kc3 69. Ne2+ Kd2 70. Rb2+ Ke3 71. Rxa2 Rxa2 72. Nc3 Ra7+ 73. Kf6 Rd7 74. Nb5 Ke4 75. Ke6 Rd1 76. Nd6+ Kd3 77. Nf5 Re1+ 78. Kf6 Ke4 79. Nd6+ Kd5 80. Nf5 Rf1 81. Kg5 Ke5 82. Nh6 Rg1+ 83. Ng4+ Ke4 84. Kh5 Kf4 85. Nh6 Rg5+ 86. Kh4 Rg1 87. Kh5 Rg2 88. Nf7 Kf5 89. Nh6+ Kf6 90. Ng4+ Kf7 91. Nh6+ Ke6 92. Ng4 1-0

[Event "FIDE World Uni Blitz-C 1st"]
[Site "Tornelo INT"]
[Date "2021.03.13"]
[Round "4.24"]
[White "Lemi, Daniel John"]
[Black "Fontaine, Quentin"]
[Result "1-0"]
[WhiteElo "1752"]
[BlackElo "2324"]
[PlyCount "121"]
[EventDate "2021.03.13"]
[EventType "swiss (blitz)"]
[EventRounds "10"]
[EventCountry "NET"]
[SourceTitle "EXT 2022"]
[Source "ChessBase"]
[SourceDate "2021.10.06"]
[SourceVersion "1"]
[SourceVersionDate "2021.10.06"]
[SourceQuality "1"]

1. e4 c5 2. Nf3 e6 3. g3 Nc6 4. Bg2 Nf6 5. Qe2 e5 6. c3 Be7 7. 0-0 0-0 8. Rd1 Re8 9. d4 cxd4 10. cxd4 exd4 11. Nxd4 Nxd4 12. Rxd4 d5 13. Bg5 Qb6 14. Rd1 Bg4 15. Bf3 Bxf3 16. Qxf3 dxe4 17. Qe2 h6 18. Be3 Qe6 19. Kg2 Ng4 20. Nc3 f5 21. Nd5 Bd6 22. Rac1 Rac8 23. Rxc8 Rxc8 24. Bxa7 Ne5 25. Nf4 Qxa2 26. Rxd6 Qxa7 27. Qb5 Qc5 28. Qb3+ Kh7 29. Qe6 Rc6 30. Qxf5+ g6 31. Nxg6 Rxd6 32. Nxe5+ Kg8 33. Qf7+ Kh8 34. Ng6+ Rxg6 35. Qxg6 Qc1 36. Qxe4 Qxb2 37. Qe8+ Kg7 38. Qe7+ Kg6 39. Qe6+ Kg7 40. Qe7+ Kg8 41. h4 b5 42. Qe6+ Kg7 43. h5 b4 44. Qg6+ Kf8 45. Qxh6+ Ke8 46. Qg6+ Kd7 47. h6 b3 48. Qg7+ Qxg7 49. hxg7 b2 50. g8Q b1Q 51. Qf7+ Kd6 52. Qf4+ Kd7 53. g4 Qd1 54. Kg3 Qg1+ 55. Kh4 Ke6 56. f3 Qf2+ 57. Kg5 Qg1 58. Qf5+ Kd6 59. f4 Qh1 60. Kg6 Qh4 61. Qf6+ 1-0

[Event "FIDE World Uni Blitz-C 1st"]
[Site "Tornelo INT"]
[Date "2021.03.13"]
[Round "9.35"]
[White "Monteiro, Paulo Alexandre G"]
[Black "Lemi, Daniel John"]
[Result "0-1"]
[WhiteElo "2023"]
[BlackElo "1752"]
[PlyCount "58"]
[EventDate "2021.03.13"]
[EventType "swiss (blitz)"]
[EventRounds "10"]
[EventCountry "NET"]
[SourceTitle "EXT 2022"]
[Source "ChessBase"]
[SourceDate "2021.10.06"]
[SourceVersion "1"]
[SourceVersionDate "2021.10.06"]
[SourceQuality "1"]

1. d4 d5 2. c4 c6 3. cxd5 cxd5 4. Nc3 Nf6 5. Bf4 Nc6 6. e3 a6 7. Nf3 Bf5 8. Bd3 Bxd3 9. Qxd3 e6 10. 0-0 Be7 11. Rac1 Rc8 12. Ne5 0-0 13. a3 b5 14. a4 b4 15. Na2 Qb6 16. Nxc6 Rxc6 17. a5 Qb7 18. Rxc6 Qxc6 19. b3 Rc8 20. h3 Ne4 21. Rc1 Qxc1+ 22. Nxc1 Rxc1+ 23. Kh2 Rh1+ 24. Kxh1 Nxf2+ 25. Kg1 Nxd3 26. Bc7 Nc1 27. e4 dxe4 28. d5 exd5 29. Bd8 Bxd8 0-1

[Event "FIDE World Uni Blitz-C 1st"]
[Site "Tornelo INT"]
[Date "2021.03.13"]
[Round "5.27"]
[White "Sevillano, Rhenzi Kyle"]
[Black "Lemi, Daniel John"]
[Result "1-0"]
[WhiteElo "2197"]
[BlackElo "1752"]
[PlyCount "47"]
[EventDate "2021.03.13"]
[EventType "swiss (blitz)"]
[EventRounds "10"]
[EventCountry "NET"]
[SourceTitle "EXT 2022"]
[Source "ChessBase"]
[SourceDate "2021.10.06"]
[SourceVersion "1"]
[SourceVersionDate "2021.10.06"]
[SourceQuality "1"]

1. e4 e6 2. d4 d5 3. Nc3 Bb4 4. e5 c5 5. a3 Bxc3+ 6. bxc3 Ne7 7. Qg4 Qc7 8. Bb5+ Nbc6 9. Ne2 cxd4 10. Bxc6+ bxc6 11. cxd4 c5 12. c3 Ba6 13. 0-0 h5 14. Qf3 cxd4 15. cxd4 Qc4 16. Re1 Nf5 17. Be3 Qc7 18. Nf4 Bc4 19. Nxh5 Rh7 20. g4 Nh4 21. Qh3 Qe7 22. f4 Bd3 23. Bf2 Ng6 24. Qxd3 1-0

[Event "ASEAN-ch U12 13th"]
[Site "Hue"]
[Date "2012.06.18"]
[Round "8"]
[White "Doan, Nguyen Trung Tin"]
[Black "Lemi, Daniel John"]
[Result "0-1"]
[WhiteElo "1698"]
[BlackElo "1770"]
[PlyCount "115"]
[EventDate "2012.06.11"]
[EventType "swiss"]
[EventRounds "9"]
[EventCountry "VIE"]
[SourceTitle "CBM 149 Extra"]
[Source "ChessBase"]
[SourceDate "2012.08.24"]
[SourceVersion "1"]
[SourceVersionDate "2012.08.24"]
[SourceQuality "1"]

1. d4 d5 2. c4 Nf6 3. Nc3 c6 4. e3 e6 5. Bd3 Nbd7 6. Nf3 dxc4 7. Bxc4 b5 8. Bd3 Bb7 9. 0-0 a6 10. e4 c5 11. Bg5 h6 12. Bh4 Qb6 13. Re1 cxd4 14. Bxf6 gxf6 15. Ne2 e5 16. Ng3 Nc5 17. Nf5 Bc8 18. N3h4 Bd7 19. Rc1 Ne6 20. Qb3 Nf4 21. Bb1 Be6 22. Qf3 Rg8 23. Rc2 d3 24. Rc3 b4 25. Rxd3 Nxd3 26. Bxd3 Bxa2 27. Bc2 Qc6 28. Qd1 Bc4 29. Ne3 b3 30. Nxc4 bxc2 31. Qxc2 Bb4 32. Rd1 Kf8 33. Qb3 a5 34. Nf5 Qxe4 35. Nce3 a4 36. Qa2 Rxg2+ 37. Nxg2 Qxf5 38. Qc4 Be7 39. Ne3 Qe6 40. Qe4 Rb8 41. Qh7 Ke8 42. Qe4 Kf8 43. Nf5 Rd8 44. Rb1 Qd5 45. Qg4 Qd3 46. Rf1 Rd5 47. Nxh6 Qg6 48. Rc1 Qxh6 49. Rc8+ Rd8 50. Rxd8+ Bxd8 51. Qxa4 Qc1+ 52. Kg2 Qxb2 53. h4 Qd4 54. Qa3+ Be7 55. Qg3 Bc5 56. f3 Qg1+ 57. Kh3 Qxg3+ 58. Kxg3 0-1